000 00619nam a2200241Ia 4500
003 OSt
005 20220924114946.0
006 a|||||r|||| 00| 0
007 ta
008 220923b |||||||| |||| 00| 0 ben d
020 _c50
024 _a298790
037 _cTextual
040 _aARTS
_cARTS
_bben
041 _2ben
_aben
082 _aO157,6N50x, N4
100 _aMitra Ashok
_9101645
245 0 _aTal betal
260 _aCalcutta
_bdey's publishing India
_c1994
650 _aBENGALI LITERATURE
942 _hO157,6N50x, N4
_cTEXL
_2CC
999 _c396160
_d396160